Datum a čas kvízu
20.5
Celkem bodů
Celkový počet nahraných bodů na tomto kvízu bez doplňovacích otázek.
13.
Pořadí na kvízu
Konečné umístění týmu na tomto kvízu.
Zaznamenané odpovědi
| # | Otázka | Odpověď | Body | Výsledky |
|---|---|---|---|---|
| 1. | Jak se jmenuje bývalý karlovar... | Petr Kulhánek | 0 | |
| 2. | Totální chaos, přerušenou dopr... | D) balónek, který uletěl z Oktoberfestu | 0 | |
| 3. | Která skupina vydala minulý tý... | Coldplay | 0 | |
| 4. | V úterý se stal novým generáln... | z Nizozemska | 0 | |
| 5. | Který český brankář minulý týd... | Vítězslav Jaroš | 1 | |
| 6. | Jak se jmenuje stát, který je... | Lesotho | 0 | |
| 7. | Kaliningrad neboli Královec je... | Přemysla Otakara II. | 1 | |
| 8. | V Pásmu Gazy, jež je v podstat... | A | 0 | |
| 9. | V roce 2015 během jediného dne... | Indie a Bangladéš | 0.5 | |
| 10. | Jak se jmenují dvě španělská m... | Ceuta a Melilla | 0 |